| Tag |
First Indicator |
Second Indicator |
Subfields |
| LEADER |
00000cam a2200000 4500 |
| 001 |
in00000058194 |
| 005 |
20151008051512.0 |
| 008 |
721122s1950 cau b 00000 eng u |
| 010 |
|
|
|a 50005973
|
| 035 |
|
|
|a (OCoLC)00500542
|
| 035 |
|
|
|9 AAG8305AM
|
| 040 |
|
|
|c WSU
|d TXA
|d UtOrBLW
|
| 049 |
|
|
|a TXAM
|c [201409]
|
| 050 |
|
0 |
|a JL197.C6
|b M3
|
| 092 |
|
|
|a 329.971
|b M149t
|
| 100 |
1 |
|
|a McHenry, Dean Eugene,
|d 1910-
|
| 245 |
1 |
4 |
|a The third force in Canada ;
|b the Cooperative Commonwealth Federations, 1932-1948.
|
| 264 |
|
1 |
|a Berkeley :
|b University of California Press,
|c 1950.
|
| 300 |
|
|
|a 351 pages
|
| 336 |
|
|
|a text
|b txt
|2 rdacontent
|
| 337 |
|
|
|a unmediated
|b n
|2 rdamedia
|
| 338 |
|
|
|a volume
|b nc
|2 rdacarrier
|
| 504 |
|
|
|a Bibliography: pages 327-334.
|
| 610 |
2 |
0 |
|a Co-operative Commonwealth Federation.
|
| 999 |
|
|
|a MARS
|
| 999 |
f |
f |
|s 197226e1-b464-3581-b7aa-04ff8d38b8b0
|i 77afbef6-7d75-3529-9faf-eea973cb38b1
|t 0
|
| 952 |
f |
f |
|p ric
|a Texas A&M University
|b Rellis Campus
|c Joint Library Facility
|d Remote Storage
|t 0
|e JL197.C6 M3
|h Library of Congress classification
|i unmediated -- volume
|m A14800684827
|
| 998 |
f |
f |
|a JL197.C6 M3
|t 0
|l Remote Storage
|